zpět

Detail výsledku týmu

Únětická sokolovna, Únětice

Datum a čas kvízu

24.5 Celkem bodů Celkový počet nahraných bodů na tomto kvízu bez doplňovacích otázek.
3. Pořadí na kvízu Konečné umístění týmu na tomto kvízu.

Zaznamenané odpovědi

# Otázka Odpověď Body Výsledky
1. Ministr obrany Lubomír Metnar... 0
2. Italské letovisko, které je ob... 1
3. Rakouská společnost Koch Media... 0
4. Jak se jmenuje slavný hollywoo... 1
5. Jak se jmenuje historicky prvn... 0
6. Dlouhé názvy filmů byly v módě... 1
5. Doplňte dvě slova do názvu fil... 1
5. V roce 1964 natočil slavný rež... 0
5. Rodinná komedie, kde se objevi... 0
5. Francouzsko - španělská komedi... 1